[Event "Madrid Oliver Gonzalez Memorial-B 3rd"]
[Site "Madrid"]
[Date "2012.09.09"]
[Round "9"]
[White "Callejo Hernanz, Jesus Maria"]
[Black "Rodriguez Dorado, Victor Manuel"]
[Result "1/2-1/2"]
[WhiteElo "1798"]
[BlackElo "1958"]
[PlyCount "86"]
[EventDate "2012.09.01"]
[EventType "swiss"]
[EventRounds "9"]
[EventCountry "ESP"]
[SourceTitle "CBM 150 Extra"]
[Source "ChessBase"]
[SourceDate "2012.10.19"]
[SourceVersion "1"]
[SourceVersionDate "2012.10.19"]
[SourceQuality "1"]

1. c4 g6 2. Nf3 Bg7 3. g3 c5 4. Nc3 Nc6 5. Bg2 Nf6 6. 0-0 0-0 7. d4 cxd4 8. Nxd4 Nxd4 9. Qxd4 d6 10. Bg5 h6 11. Be3 Ng4 12. Qd2 Nxe3 13. Qxe3 Be6 14. b3 Qb6 15. Qd2 Qd4 16. Qxd4 Bxd4 17. Rac1 Bxc3 18. Rxc3 Rab8 19. Rfc1 b6 20. Bd5 Bg4 21. Re3 Rfe8 22. Kg2 Kf8 23. h3 Bd7 24. Rd1 Rec8 25. Rd4 Rc7 26. Rh4 Kg7 27. Rd4 Be8 28. f4 Rd8 29. Bf3 Kf6 30. Red3 Bc6 31. e4 Rcd7 32. Rd2 a5 33. Kf2 h5 34. Ke3 e5 35. R4d3 Ke6 36. f5+ Kf6 37. fxg6 fxg6 38. g4 Kg5 39. gxh5 gxh5 40. Rh2 Rf8 41. h4+ Kh6 42. Bg2 Rf4 43. Bh1 Rg4 1/2-1/2

[Event "Madrid Oliver Gonzalez Memorial-B 3rd"]
[Site "Madrid"]
[Date "2012.09.02"]
[Round "2"]
[White "Melcon Mediavilla, Rodrigo"]
[Black "Callejo Hernanz, Jesus Maria"]
[Result "0-1"]
[WhiteElo "1453"]
[BlackElo "1798"]
[PlyCount "72"]
[EventDate "2012.09.01"]
[EventType "swiss"]
[EventRounds "9"]
[EventCountry "ESP"]
[SourceTitle "CBM 150 Extra"]
[Source "ChessBase"]
[SourceDate "2012.10.19"]
[SourceVersion "1"]
[SourceVersionDate "2012.10.19"]
[SourceQuality "1"]

1. e4 c5 2. Nf3 d6 3. Nc3 Nc6 4. d4 cxd4 5. Nxd4 g6 6. Bc4 Bg7 7. Be3 Nf6 8. 0-0 0-0 9. Qd2 Ng4 10. Rad1 Nxe3 11. fxe3 Bg4 12. Nce2 Rc8 13. b3 a6 14. a4 Qb6 15. h3 Bxe2 16. Bxe2 Bh6 17. Bc4 Nxd4 18. Bxf7+ Rxf7 19. Rxf7 Bxe3+ 20. Qxe3 Ne2+ 21. Kf2 Qxe3+ 22. Kxe3 Kxf7 23. Kxe2 Rxc2+ 24. Rd2 Rxd2+ 25. Kxd2 Ke6 26. Kd3 Ke5 27. g3 h6 28. Ke3 d5 29. exd5 Kxd5 30. h4 Ke5 31. g4 g5 32. hxg5 hxg5 33. a5 Kd5 34. Kd3 e5 35. Ke3 e4 36. b4 Ke5 0-1

[Event "Parla op 25th"]
[Site "Parla"]
[Date "2010.09.10"]
[Round "8"]
[White "Camarero Izquierdo, Juan Carlos"]
[Black "Callejo Hernanz, Jesus Maria"]
[Result "1-0"]
[WhiteElo "1939"]
[BlackElo "1815"]
[PlyCount "127"]
[EventDate "2010.09.04"]
[EventType "swiss"]
[EventRounds "9"]
[EventCountry "ESP"]
[SourceTitle "CBM 138 Extra"]
[Source "ChessBase"]
[SourceDate "2010.10.29"]
[SourceVersion "1"]
[SourceVersionDate "2010.10.29"]
[SourceQuality "1"]

1. e4 c5 2. Nf3 d6 3. d4 Nf6 4. Nc3 cxd4 5. Nxd4 g6 6. f3 Bg7 7. Be3 Nc6 8. Qd2 0-0 9. 0-0-0 d5 10. Nxc6 bxc6 11. Bh6 Be6 12. Bxg7 Kxg7 13. h4 Qa5 14. e5 Nd7 15. h5 Rh8 16. f4 Rab8 17. g4 Qb4 18. b3 Bxg4 19. Be2 Bxe2 20. h6+ Kf8 21. Nxe2 Qxd2+ 22. Rxd2 e6 23. Nd4 Rc8 24. Kb2 a6 25. c4 Ke7 26. Rc2 c5 27. Nf3 d4 28. Ng5 Rb8 29. Ne4 Rhc8 30. Rd2 f6 31. exf6+ Nxf6 32. Ng5 a5 33. Re2 Rb6 34. Rhe1 Rcc6 35. Kc2 Ng4 36. Nxh7 Nxh6 37. Rg2 Kf7 38. Ng5+ Kf6 39. Nf3 Nf5 40. Ne5 Ne3+ 41. Rxe3 dxe3 42. Nxc6 Rxc6 43. Kd3 Ra6 44. Kxe3 a4 45. Kd3 axb3 46. axb3 Kf5 47. Rg5+ Kxf4 48. Rxc5 g5 49. b4 g4 50. Ra5 Rb6 51. b5 g3 52. Ke2 Kg4 53. Ra6 Rb8 54. Rxe6 Rf8 55. b6 Rf2+ 56. Ke3 Rf3+ 57. Ke4 Rb3 58. c5 Kh5 59. Kd5 g2 60. Re1 Rf3 61. Rg1 Rf5+ 62. Kc6 Rf6+ 63. Kb5 Rf2 64. b7 1-0

[Event "Parla op 25th"]
[Site "Parla"]
[Date "2010.09.05"]
[Round "2"]
[White "Ojosnegros Martin, Angel"]
[Black "Callejo Hernanz, Jesus Maria"]
[Result "0-1"]
[WhiteElo "1384"]
[BlackElo "1815"]
[PlyCount "76"]
[EventDate "2010.09.04"]
[EventType "swiss"]
[EventRounds "9"]
[EventCountry "ESP"]
[SourceTitle "CBM 138 Extra"]
[Source "ChessBase"]
[SourceDate "2010.10.29"]
[SourceVersion "1"]
[SourceVersionDate "2010.10.29"]
[SourceQuality "1"]

1. c4 c5 2. Nc3 Nc6 3. g3 g6 4. Bg2 Bg7 5. Nf3 d6 6. 0-0 e5 7. d3 Nge7 8. Bd2 0-0 9. Qc1 Re8 10. Rb1 Be6 11. a3 a5 12. Ng5 Bc8 13. Nd5 Nd4 14. Nxe7+ Qxe7 15. Qd1 Rb8 16. Nf3 b5 17. Nxd4 exd4 18. Re1 bxc4 19. Bxa5 cxd3 20. exd3 Qxe1+ 21. Bxe1 Be6 22. b3 d5 23. Bd2 Rbc8 24. a4 c4 25. bxc4 dxc4 26. dxc4 Bxc4 27. Bf1 Ba2 28. Rb7 Bd5 29. Ra7 Be4 30. Qb3 Rf8 31. Bc4 Kh8 32. f3 Rb8 33. Bb5 Bb7 34. Bf4 d3 35. Bxd3 Bd4+ 36. Kg2 Bxf3+ 37. Kxf3 Rxb3 38. Ke4 Bxa7 0-1

[Event "Parla 25 Jubilee op"]
[Site "Parla"]
[Date "2008.09.09"]
[Round "4"]
[White "Ferreiro Calvo, Manuel"]
[Black "Callejo Hernanz, Jesus Maria"]
[Result "1-0"]
[WhiteElo "2034"]
[BlackElo "1852"]
[PlyCount "103"]
[EventDate "2008.09.06"]
[EventType "swiss"]
[EventRounds "9"]
[EventCountry "ESP"]
[SourceTitle "CBM 126 Extra"]
[Source "ChessBase"]
[SourceDate "2008.11.05"]
[SourceVersion "1"]
[SourceVersionDate "2008.11.05"]
[SourceQuality "1"]

1. Nf3 c5 2. c4 Nc6 3. g3 g6 4. Bg2 Bg7 5. 0-0 d6 6. Nc3 e5 7. d3 Nge7 8. Bd2 0-0 9. Qc1 Re8 10. Bh6 Bh8 11. Rb1 Nf5 12. Bg5 f6 13. Bd2 Rb8 14. Ne1 Be6 15. e3 Qd7 16. a3 Nfe7 17. b4 b6 18. Qc2 Rec8 19. b5 Nd8 20. e4 Nf7 21. f4 exf4 22. gxf4 f5 23. Ne2 fxe4 24. dxe4 Re8 25. Nf3 Bh3 26. Ng3 Bxg2 27. Kxg2 Rf8 28. Qd3 Qb7 29. Be3 Rbe8 30. h3 Bg7 31. Kh2 Kh8 32. Rbd1 Ng8 33. Nd2 a6 34. bxa6 Qxa6 35. Rb1 Nf6 36. Rb3 Ra8 37. Rfb1 Rfd8 38. Ne2 d5 39. cxd5 Qa4 40. Nc3 Qe8 41. Nc4 Nd7 42. Nb5 g5 43. Nc7 Qg8 44. Nxa8 gxf4 45. Bxf4 Rxa8 46. Rg1 Qf8 47. Rf1 Qe8 48. Nxb6 Nxb6 49. Rxb6 Ne5 50. Qg3 Qh5 51. Rb7 Rg8 52. Rxg7 1-0

[Event "Parla 25 Jubilee op"]
[Site "Parla"]
[Date "2008.09.08"]
[Round "3"]
[White "Callejo Hernanz, Jesus Maria"]
[Black "Montanes Arribas, Adrian"]
[Result "1/2-1/2"]
[WhiteElo "1852"]
[BlackElo "2034"]
[PlyCount "58"]
[EventDate "2008.09.06"]
[EventType "swiss"]
[EventRounds "9"]
[EventCountry "ESP"]
[SourceTitle "CBM 126 Extra"]
[Source "ChessBase"]
[SourceDate "2008.11.05"]
[SourceVersion "1"]
[SourceVersionDate "2008.11.05"]
[SourceQuality "1"]

1. c4 e6 2. Nc3 d5 3. d4 Nf6 4. Bg5 Nbd7 5. cxd5 exd5 6. e3 c6 7. Bd3 Be7 8. Nge2 Nf8 9. Qc2 Ne6 10. Bh4 g6 11. 0-0 0-0 12. Rac1 Ng7 13. f3 Nf5 14. Bf2 c5 15. dxc5 Bxc5 16. Nxd5 Nxd5 17. Qxc5 Ndxe3 18. Bxf5 Nxf5 19. Ng3 Nxg3 20. Bxg3 Qb6 21. Qxb6 axb6 22. a3 Bd7 23. Rfe1 Bc6 24. Bd6 Rfd8 25. Bb4 h5 26. Kf2 Rd7 27. Re7 Rad8 28. Rce1 Rxe7 29. Rxe7 Re8 1/2-1/2

[Event "Collado Villalba op-A 25th"]
[Site "Collado Villalba"]
[Date "2008.08.30"]
[Round "9"]
[White "De Luna Butz, Alberto"]
[Black "Callejo Hernanz, Jesus Maria"]
[Result "1-0"]
[WhiteElo "1823"]
[BlackElo "1852"]
[PlyCount "65"]
[EventDate "2008.08.22"]
[EventType "swiss"]
[EventRounds "9"]
[EventCountry "ESP"]
[SourceTitle "EXT 2009"]
[Source "ChessBase"]
[SourceDate "2008.11.26"]
[SourceVersion "1"]
[SourceVersionDate "2008.11.26"]
[SourceQuality "1"]

1. e4 c5 2. Nf3 d6 3. Bb5+ Bd7 4. Bxd7+ Nxd7 5. c3 Ngf6 6. Qe2 g6 7. 0-0 Bg7 8. d4 0-0 9. e5 dxe5 10. dxe5 Ne8 11. e6 Ndf6 12. Ng5 Nd6 13. exf7+ Nxf7 14. Ne6 Qb6 15. Nxf8 Bxf8 16. Be3 Qc7 17. Nd2 Bg7 18. Nf3 Rf8 19. Qc4 b6 20. Ng5 Qc6 21. Rad1 Qe8 22. Bf4 Kh8 23. Ne6 Rg8 24. Nc7 Qf8 25. Rfe1 e5 26. Bxe5 Nxe5 27. Rxe5 Ng4 28. Re2 Qf5 29. h3 Nf6 30. Rde1 g5 31. Ne8 Nd5 32. Nxg7 Kxg7 33. Re5 1-0

[Event "Collado Villalba op 24th"]
[Site "Collado Villalba"]
[Date "2007.08.26"]
[Round "4"]
[White "Callejo Hernanz, Jesus Maria"]
[Black "Rodriguez Gomez, Vicente"]
[Result "1/2-1/2"]
[WhiteElo "1820"]
[BlackElo "2148"]
[PlyCount "75"]
[EventDate "2007.08.23"]
[EventType "swiss"]
[EventRounds "9"]
[EventCountry "ESP"]
[SourceTitle "EXT 2008"]
[Source "ChessBase"]
[SourceDate "2007.11.25"]
[SourceVersion "1"]
[SourceVersionDate "2007.11.25"]
[SourceQuality "1"]

1. d4 d5 2. c4 e6 3. Nc3 Nf6 4. Bg5 Be7 5. cxd5 exd5 6. e3 0-0 7. Bd3 c6 8. Qc2 h6 9. Bh4 Re8 10. Nge2 Nbd7 11. 0-0 Ng4 12. Bxe7 Qxe7 13. Rae1 Nf8 14. Ng3 Be6 15. e4 dxe4 16. Bxe4 Qh4 17. h3 Nf6 18. Qa4 Red8 19. d5 Nxe4 20. Rxe4 Qe7 21. dxe6 Nxe6 22. Rfe1 a6 23. Nf5 Qc7 24. Rg4 h5 25. Rg3 Rd7 26. Qh4 Nf4 27. Qf6 Nxh3+ 28. gxh3 Qxg3+ 29. Nxg3 gxf6 30. Nxh5 Kf8 31. Nxf6 Rd2 32. Re2 Rxe2 33. Nxe2 Rd8 34. Ne4 b6 35. Kg2 c5 36. Kf3 Kg7 37. Ke3 Rh8 38. Nf4 1/2-1/2